Statistics for Generator Puzzle #16

Click here to take the quiz!

General Stats

  • This quiz has been taken 605 times
  • The average score is 13 of 21

Answer Stats

Hint Answer % Correct
Copperhead or boa, eg.Snake
91%
Take what's not yoursSteal
89%
Book of mapsAtlas
88%
Financial establishmentBank
88%
A bird's billBeak
87%
Bed coveringBlanket
87%
Not presentAbsent
83%
Horses' shelterStable
81%
Erie or Huron, eg.Lake
75%
Smallest in amountLeast
63%
Job, choreTask
61%
Vampire killerStake
60%
Of sound mindSane
59%
Pour juices over meatBaste
55%
Dreary, forbiddingBleak
53%
Slope; point of viewSlant
49%
Cane or wire containerBasket
47%
Blow upBlast
42%
Boring, unoriginalBanal
20%
Indian hand drumsTabla
12%
BEANSTALK
4%

Score Distribution

Percentile by Number Answered

Percent of People with Each Score

Your Score History

You have not taken this quiz